MARC

LEADER 00000nam1a2200000 4500
001 83781
005 20231031100331.0
020 |a RU  |b 83-3346 
035 |a (RuTPU)RU\TPU\book\90079 
090 |a 83781 
100 |a 20051021d1982 m y0rusy5003 ca 
101 0 |a rus 
200 1 |a Гидрогеологические исследования на орошаемых территориях  |f В. М. Шестаков, И. С. Пашковский, А. М. Сойфер 
210 |a Москва  |c Недра  |d 1982 
215 |a 244 с.  |c ил. 
320 |a Библиогр.: с. 228-229 
320 |a Предметный указатель: с. 241-242 
610 1 |a гидрогеология 
610 1 |a гидрогеологические исследования 
610 1 |a орошение 
610 1 |a фильтрация 
610 1 |a влагоперенос 
610 1 |a аэрация 
610 1 |a солеперенос 
675 |a 626.8  |v 3 
700 1 |a Шестаков  |b В. М.  |g Всеволод Михайлович 
701 1 |a Пашковский  |b И. С.  |g Игорь Степанович 
701 1 |a Сойфер  |b А. М.  |g Анатолий Маркович 
801 0 |a RU  |b RuMRKP  |c 19950704  |g psbo 
801 1 |a RU  |b 63413507  |c 20051021  |g PSBO 
801 2 |a RU  |b 63413507  |c 20051220  |g PSBO 
942 |c BK